00461 a2200169 450000100060000002000150000604000220002110000180004324000290006124500240009030000080011436200090012265000230013194200070015495201130016199900170027456499 a8516035026 cAnchieta - Pituba aCosta, Wagner10aEu, pescador de mimlpor10aEu, pescador de mim a1120 a2003 4aLiteratura juvenil cBK 00104070a91.1b91.1d2023-11-21l0oLJ 028.5 C837e COS EUPp5983/PITr2023-11-21 18:23:58w2023-11-21yBK c56499d56499